John Grisham Novels Quiz Stats

 Plays Quiz Updated Apr 21, 2021

Support Sporcle.
Go Orange.
Score 0/42 Timer 10:00
0 Plays Today
Year Title % Correct
1991The Firm
82.6%
1992The Pelican Brief
76.6%
1989A Time to Kill
67.8%
1993The Client
65.3%
1996The Runaway Jury
64.6%
1995The Rainmaker
50.7%
1994The Chamber
44.3%
2001A Painted House
38.5%
1998The Street Lawyer
34%
1999The Testament
31%
1997The Partner
30.9%
2003The King of Torts
30.6%
2003Bleachers
30.4%
2000The Brethren
30.3%
2017Camino Island
29.8%
2007Playing for Pizza
29.6%
2020A Time for Mercy
27.6%
2004The Last Juror
27.5%
2020Camino Winds
27.3%
2001Skipping Christmas
26.9%
2017The Rooster Bar
26.6%
Year Title % Correct
2008The Appeal
25.8%
2014Gray Mountain
25.8%
2015Rogue Lawyer
25.6%
2018The Reckoning
25.5%
2019The Guardians
24.8%
2002The Summons
24.4%
2016The Whistler
23.7%
2009The Associate
23.5%
2009Ford County
23%
2011The Litigators
22.8%
2005The Broker
22.5%
2013Sycamore Row
22.4%
2012Calico Joe
21.6%
2012The Racketeer
20%
2019Theodore Boone: The Accomplice
18.8%
2015Theodore Boone: The Fugitive
15.7%
2016Theodore Boone: The Scandal
14.6%
2012Theodore Boone: The Accused
13.9%
2010The Confession
6.8%
2010Theodore Boone: Kid Lawyer
6.1%
2011Theodore Boone: The Abduction
3.5%

From the Vault

'My Heart Will Go On' Lyrics

by arctanproject

Music 8m
Celine Dion is such a songbird, but that still didn't help us with our feelings at the end of Titanic.
Remove Ads.
Support Sporcle.
Get the best of Sporcle when you Go Orange. This ad-free experience offers more features, more stats, and more fun while also helping to support Sporcle. Thank you for becoming a member.

Show Comments

Extras

Top Quizzes Today


Score Distribution

Your Account Isn't Verified!

In order to create a playlist on Sporcle, you need to verify the email address you used during registration. Go to your Sporcle Settings to finish the process.

Report this User

Report this user for behavior that violates our Community Guidelines.

Details: